000 00380ntaaa2200157 4500
003 01
005 20251027201911.0
008 0714s1973 ag 01
040 _aAR-BaBN
_bspa
_cAR-BaBN
_eaacr
_dRIC
082 _a244.1000 P18
245 _aPalomita de Inés
250 _a1 ed. :
_bImprenta Metodista,
_c1948
300 _a71 p.
650 _aCuentos para Niños
_94918
942 _cBK
999 _c13719
_d13719